000 00751nam a2200181Ia 4500
008 100920s9999 xx 000 0 und d
082 _b63169
_a61 थ 63
100 _aसंकलक-आपटे वि. गो.
245 _aविवेकानंद विचार व वाणी.
260 _bवोरा ऍण्ड कंपनी पब्लिशर्स प्रा. लि., मंुबई 2.
_c1963
300 _a39
_bसाधी
365 _b0.65
520 _aस्थानिक वाचन.
630 _aविवेकानंद विचार व वाणी.
650 _aस्थानिक वाचन.
730 _aविवेकानंद विचार व वाणी.
942 _cBOOK
999 _c706252
_d706249